00668nai a2200169Ia 4500003000900000008004100009022002300050040001600073245003900089260008600128310001400214362002500228521006900253650003300322650005000355856009300405IN-BaIIA211028c9999 xx s 000 0 eng d a1943-0655 (Online) cIIA Library 0aIEEE Photonics Journalh[eJournal] aNew York, USAbThe Institute of Electrical and Electronics Engineers, Inc. (IEEE) aBimonthly a1(1); 2009 - Present bSubscribed through National Knowledge Resource Consortium (NKRC) a Photonics and Electrooptics aEngineered Materials, Dielectrics and Plasmas uhttps://ieeexplore.ieee.org/servlet/opac?punumber=4563994yClick Here to Access eJournal